| 000 | 00774 a2200229 4500 | ||
|---|---|---|---|
| 999 |
_c5485 _d5485 |
||
| 020 | _a0335218490 (pbk.) | ||
| 020 | _a9780335218493 | ||
| 050 | 0 | 0 | _aRA399SMI2005 |
| 100 |
_aSmith , Sarah _eauthor |
||
| 245 | 0 | 0 |
_aHealth care evaluation / _cSarah Smith ... [et al.]. |
| 264 |
_aEngland: _bOpen university press, _c2005 |
||
| 300 | _aviii, 208 p. : | ||
| 440 | 0 | _aUnderstanding public health | |
| 500 | _aincludes index | ||
| 504 | _aIncludes bibliographical references and index. | ||
| 650 | 0 |
_aMedical care _xEvaluation. |
|
| 700 | 1 |
_aSinclair Don _d1971- _eauthor |
|
| 700 | 1 |
_aRaine Rosalind _eauthor |
|
| 700 | 1 |
_aReeves Barnaby _eauthor |
|
| 942 |
_2lcc _cBK _h399 _iSMI _kRA |
||